2020 NHL First Round Draft Selections - Statistics

General Stats
  • This quiz has been taken 43 times
  • The average score is 19 of 31
Answer Stats
Pick Name Team Position % Correct
1 Alexis Lafreniere NYR LW
100%
4 Lucas Raymond DET LW
95%
2 Quinton Byfield LAK C
95%
3 Tim Stutzle OTT LW
95%
5 Jake Sanderson OTT D
91%
6 Jamie Drysdale ANA D
86%
9 Marco Rossi MIN C
86%
11 Yaroslav Askarov NSH G
86%
10 Cole Perfetti WPG C
82%
16 Kaiden Guhle MTL D
82%
7 Alexander Holtz NJD RW
73%
12 Anton Lundell FLA C
73%
13 Seth Jarvis CAR C
73%
18 Dawson Mercer NJD C
68%
8 Jack Quinn BUF RW
68%
19 Braden Schneider NYR D
64%
14 Dylan Holloway EDM C
64%
17 Lukas Reichel CHI LW
64%
24 Connor Zary CGY C
59%
22 Hendrix Lapierre WSH C
50%
15 Rodion Amirov TOR LW
50%
21 Yegor Chinakhov CBJ RW
50%
29 Brendan Brisson VGK C
45%
28 Ridly Greig OTT C
45%
20 Shakir Mukhamadullin NJD D
36%
26 Jake Neighbours STL LW
32%
31 Ozzy Wiesblatt SJS C
32%
30 Mavrik Bourque DAL C
27%
27 Jacob Perreault ANA RW
23%
25 Justin Barron COL D
23%
23 Tyson Foerster PHI RW
23%
No matching quizzes found
Score Distribution
Percent of People with Each Score
Percentile by Number Answered
Your Score History
You have not taken this quiz